[Event "CRO-chT U16 29th"]
[Site "Sesvete"]
[Date "2020.09.05"]
[Round "6.4"]
[White "Petrus, Adrian"]
[Black "Hranj, Martin"]
[Result "1-0"]
[WhiteElo "1313"]
[BlackElo "1343"]
[PlyCount "101"]
[EventDate "2020.06.20"]
[EventType "team-tourn"]
[EventRounds "9"]
[EventCountry "CRO"]
[SourceTitle "EXT 2021"]
[Source "ChessBase"]
[SourceDate "2020.10.23"]
[SourceVersion "1"]
[SourceVersionDate "2020.10.23"]
[SourceQuality "1"]
[WhiteTeam "Varazdinske Toplice"]
[BlackTeam "Sveta Nedelja"]
[WhiteTeamCountry "CRO"]
[BlackTeamCountry "CRO"]

1. e4 Nf6 2. e5 Nd5 3. c4 Nb6 4. d4 d6 5. exd6 cxd6 6. Bd3 g6 7. Be3 Bg7 8. Ne2 0-0 9. 0-0 h6 10. Qd2 Kh7 11. Nbc3 e5 12. dxe5 dxe5 13. c5 N6d7 14. Rad1 Qe7 15. Nd5 Qd8 16. f4 f5 17. Bc4 Nc6 18. b4 Nf6 19. Nec3 Be6 20. Nxf6+ Qxf6 21. Bxe6 Qxe6 22. b5 Rad8 23. Qf2 Nb4 24. a3 Nd3 25. Qc2 exf4 26. Rxd3 Rxd3 27. Qxd3 Qxe3+ 28. Qxe3 fxe3 29. Ne2 Rd8 30. Rb1 Rd2 31. Kf1 Rc2 32. Rc1 Rxc1+ 33. Nxc1 g5 34. c6 bxc6 35. bxc6 Be5 36. Nd3 Bc7 37. Nc5 Kg6 38. Na6 Bb6 39. c7 Bxc7 40. Nxc7 f4 41. Nb5 a5 42. Nd6 g4 43. Ke2 Kg5 44. Nc4 Kh4 45. Nxa5 f3+ 46. gxf3 g3 47. hxg3+ Kxg3 48. Nc4 h5 49. Nxe3 h4 50. Ng4 h3 51. a4 1-0

[Event "CRO-ch U15"]
[Site "Trogir"]
[Date "2020.08.29"]
[Round "9"]
[White "Hranj, Martin"]
[Black "Jaksic, Josip"]
[Result "0-1"]
[WhiteElo "1357"]
[BlackElo "1591"]
[PlyCount "42"]
[EventDate "2020.08.24"]
[EventType "swiss"]
[EventRounds "9"]
[EventCountry "CRO"]
[SourceTitle "CBM 198 Extra"]
[Source "ChessBase"]
[SourceDate "2020.11.30"]
[SourceVersion "1"]
[SourceVersionDate "2020.11.30"]
[SourceQuality "1"]

1. d4 Nf6 2. Nf3 g6 3. Bf4 Bg7 4. e3 0-0 5. h3 d6 6. Bd3 Nfd7 7. 0-0 e5 8. Bg3 Nc6 9. c3 b6 10. Nbd2 f5 11. e4 f4 12. Bh2 Kh8 13. dxe5 Ndxe5 14. Be2 g5 15. Nd4 Qf6 16. N2b3 Ne7 17. Nb5 c6 18. Qxd6 cxb5 19. Qxf6 Bxf6 20. Bxb5 f3 21. gxf3 Bxh3 0-1